Eurovision Winners - Statistics

General Stats
  • This quiz has been taken 57 times
  • The average score is 5 of 7
Answers on the Grid
Answers color-coded by a green-red scale on the quiz's grid according to % correct below.
JJ
Daði Freyr
Olivia Newton-John
Julio Iglesias
Nemo
Lordi
Flo Rida
Netta
Käärijä
Blue
Celine Dion
Las Ketchup
Lulu
Cliff Richard
Riva
Sam Ryder
 
Answer Stats
Answer % Correct
Lordi
93%
Nemo
93%
JJ
89%
Celine Dion
84%
Netta
77%
Lulu
66%
Riva
45%
No matching quizzes found
Score Distribution
Percent of People with Each Score
Percentile by Number Answered
Your Score History
You have not taken this quiz